Tratado de construcción: elementos, estructura y reglas fundamentales de la construcción

Gardado en:
Detalles Bibliográficos
Autor Principal: Schmitt, Heinrich (Author)
Formato: Libro
Idioma:Lingua castelá
Publicado: Barcelona Gustavo Gili 1980
Edición:5a. ed
Subjects:
Tags: Engadir etiqueta
Sen Etiquetas, Sexa o primeiro en etiquetar este rexistro!

MARC

LEADER 00000nam a2200000 a 4500
001 UCU7019
003 CL-VaPUC
008 960628e19800000SP |||||||||||||||||spa|d
082 0 4 |a 690  |b SCH  |2 21 
100 0 |a Schmitt, Heinrich  |e author  |9 365481 
245 1 0 |a Tratado de construcción: elementos, estructura y reglas fundamentales de la construcción 
250 |a 5a. ed 
300 |a 635 p 
942 |c BK 
945 |d 19960628 00:00:00  |a cmena 
260 |a Barcelona  |b Gustavo Gili  |c 1980 
650 0 |a Construcción  |9 260195 
650 0 |a Manuales  |9 257144 
650 0 |a Elementos estructurales  |9 350100 
650 0 |a Formas estructurales  |9 363772 
650 7 |a CIMIENTOS  |2 CL-VaPUC  |9 260635 
650 0 |a Estructuras-construcción  |9 262358 
650 7 |a MECANICA DEL SUELO  |2 CL-VaPUC  |9 350104 
650 7 |a TECNOLOGIA DE LA CONSTRUCCION  |2 CL-VaPUC  |9 260196 
650 7 |a PAREDES  |2 CL-VaPUC  |9 365482 
650 0 |a Edificios   |9 260501 
650 7 |a TECHOS  |2 CL-VaPUC  |9 363976 
650 7 |a CUBIERTAS  |2 CL-VaPUC  |9 363975 
650 7 |a CHIMENEAS  |2 CL-VaPUC  |9 266007 
650 7 |a ESCALERAS  |2 CL-VaPUC  |9 262609 
583 |a last modification  |c 19960628 00:00:00  |k Rodrigo Vera 
999 |c 249735  |d 249733 
952 |0 0  |1 0  |4 0  |6 690_000000000000000_SCH_1980  |7 0  |8 A  |9 267223  |a BIBING  |b BIBING  |d 2019-11-19  |i 1696815  |o 690 SCH 1980  |p 1696815  |r 2025-01-20  |w 2019-11-19  |y BK  |k CCL